Princípy a možnosti vlhkého hojenia rán

Bibliographic Details
Main Author: Zelenková, Hana, 1949- (Author)
Format: Article
Language:Slovak
ISSN:1335-0633
Subjects:

MARC

LEADER 00000nab a2200000 a 4500
001 vtls000719414
003 SK-MaSNL
005 20260304205202.0
008 250429c1999 xo 0 slo
015 |a SNBRB2000/04-10050 
035 |a CLN000071581 
035 |a urn:nbn:sk:snk-abbtam 
035 |a (urnnbn)urn:nbn:sk:snk:ar-0059io 
035 |a (uuid)0712fd23-5448-496b-bd03-da7a04d65662 
040 |a SNKBUCL  |b slo  |c SNKBUCL  |e AACR2 
041 0 |a slo 
044 |a xo  |c SK 
080 |a 616-001.4-036.82  |2 1997 
080 |a 615.262  |2 1997 
100 1 |a Zelenková, Hana,  |d 1949-  |4 aut  |9 256619 
245 1 0 |a Princípy a možnosti vlhkého hojenia rán  |c H. Zelenková 
650 0 7 |a rany  |x hojenie vlhké  |2 snkbucl  |9 847235 
650 0 7 |a hojenie vlhké  |x rany  |2 snkbucl  |9 847236 
655 7 |a články z novín a časopisov  |2 snkbucl  |9 267496 
773 0 |t Pharma journal  |g Roč. 9, č. 3 (1999), s. 81-82  |x 1335-0633 
850 |a Slovenská národná knižnica 
852 |a Slovenská národná knižnica 
954 |a odborná, vedecká literatúra pôvodná (slovenská)  |2 lita 
958 |a article15 
958 |a OND 
958 |a MI 
958 |a EUIPO 
992 |a RBX 
999 |c 3119613  |d 3121543